Feel Something - Clairo (Lyrics) - Statistics

General Stats
  • This quiz has been taken 5 times
  • The average score is 116 of 175
Answer Stats
Answer % Correct
be
100%
feel
100%
i
100%
me?
100%
so
100%
something
100%
and
75%
at
75%
do
75%
don't
75%
if
75%
i'm
75%
nothing
75%
the
75%
to
75%
we
75%
you
75%
afraid
50%
alone
50%
am
50%
back
50%
but
50%
could
50%
far
50%
from
50%
get
50%
give
50%
go
50%
gone
50%
guard
50%
hard
50%
home
50%
i've
50%
just
50%
keep
50%
know
50%
my
50%
on
50%
over
50%
party
50%
place
50%
special
50%
started
50%
that
50%
trying
50%
up
50%
wanna
50%
wanted
50%
when
50%
where
50%
your
50%
away
25%
own
25%
see
25%
traveled
25%
tried
25%
with
25%
would
25%
No matching quizzes found
Score Distribution
Percent of People with Each Score
Percentile by Number Answered
Your Score History
You have not taken this quiz